Andorra-visa - Statistics

Yleistilastot
  • Tätä visaa on pelattu 447 kertaa
  • Keskiarvotulos 10 / 17
Vastaustilastot
Vihje Vastaus % Oikein
Pääkaupunki Andorra la Vella
99%
Naapurimaat Espanja
99%
Naapurimaat Ranska
99%
Valuutta Euro
85%
Vuoristo, jossa Andorra sijaitsee Pyreneet
78%
Andorra oli teknisesti ottaen sodassa tämän valtion kanssa 1914–1958 Saksa
71%
Ala, joka tuottaa suurimman osan BKT:stä Matkailu
64%
Andorran virallinen nimi suomeksi Andorran {ruhtinaskunta}
60%
Virallinen kieli Katalaani
60%
Andorraa hallitsevat ruhtinaskumppanit Ranskan {presidentti}
60%
Grandvalira on tällainen keskus {Hiihto}keskus
44%
Frankkilainen kuningas, jota pidetään Andorran perustajana Kaarle Suuri
35%
Juhlapäivä, jota juhlitaan 8. syyskuuta Kansallispäivä (Meritxellin päivä)
31%
Kansalliskukka Valko{narsissi}
25%
Andorraa hallitsevat ruhtinaskumppanit {Urgellin} piispa
21%
Alun perin ruhtinaskumppanit olivat yllä oleva ja {Foix}'n kreivi
17%
Andorran halki virtaava joki Valira
17%
Ehtoja vastaavia visoja ei löytynyt
Tulosjakauma
Jokaisen tuloksen saaneiden osuus
Persentiili vastausten määrän mukaan
Tuloshistoriasi
Et ole pelannut tätä visaa